00342nam a2200121Ia 4500008004100000041001200041082002000053100002000073245005800093260004100151300001300192650001500205231217s9999 xx 000 0 und d aEnglish a001.6423 LEV;1 aLevitin, Anany. 0aIntroduction to the design and analysis of algorithms c2003bNew Delhi : Pearson Education, axxiv+497 aalgorithms